|
|
|
|
| LEADER |
01140cam a2200265 7i4500 |
| 001 |
0000027914 |
| 005 |
20120705090000.0 |
| 022 |
0 |
0 |
|a 19855370
|
| 090 |
0 |
0 |
|a M 658.4025
|b MEE
|
| 245 |
2 |
0 |
|a Meeting planner :
|b the comprehensive guide to MICE in Malaysia 2012.
|
| 250 |
0 |
0 |
|a 5th ed.
|
| 260 |
0 |
0 |
|a Kuala Lumpur:
|b Tourism Malaysia,
|c 2012.
|
| 300 |
# |
# |
|a 232 p p.
|
| 650 |
0 |
0 |
|a Hotels --
|x Directories --
|z Malaysia
|
| 650 |
0 |
0 |
|a Meetings --
|x Directories --
|z Malaysia
|
| 650 |
0 |
0 |
|a Congress and conventions --
|x Directories --
|z Malaysia
|
| 650 |
0 |
0 |
|a Incentives --
|x Directories --
|z Malaysia
|
| 651 |
0 |
0 |
|a Malaysia
|
| 999 |
|
|
|a JHR000326H
|b Directories
|c Malaysia
|e MATRADE Southern Regional Office
|
| 999 |
|
|
|a 0000030590
|b Directories
|c Malaysia
|e Business Information Centre
|
| 999 |
|
|
|a 0000030591
|b Directories
|c Malaysia
|e Business Information Centre
|
| 999 |
|
|
|a PNG001035H
|b Directories
|c Malaysia
|e MATRADE Northern Regional Office
|
| 999 |
|
|
|a SBH001003H
|b Directories
|c Malaysia
|e MATRADE Sabah
|
| 999 |
|
|
|a SRW000430H
|b Directories
|c Malaysia
|e MATRADE Sarawak
|
| 999 |
|
|
|a TRG000312H
|b Directories
|c Malaysia
|e MATRADE Eastern Regional Office
|